000
00302nam a2200145Ia 4500
100
_a
Moncur/ Micheal
942
_c
BK
654
_a
computer
245
_a
MCSE in a Nutshell
260
_b
Oreilly & Ass Inc
_a
NONE
_c
1998
082
_a
4.65
_b
MON
300
_a
459
546
_a
ENGLISH
999
_c
25865
_d
25865